| 000 | 00839nam a2200265Ia 4500 | ||
|---|---|---|---|
| 001 | Para_8545 | ||
| 003 | CHAP | ||
| 008 | 220125s9999 xx 000 0 und d | ||
| 010 | _a207356 | ||
| 040 | _cCHAP | ||
| 082 | _aPA-C 595.752 A6 | ||
| 100 |
_aGillette, C. P. _9169050 |
||
| 245 |
_aSome Colorado species of the genus lachnus / _c by C.P. Gillette |
||
| 300 | _a12 p. | ||
| 440 |
_aAphidae; 22 _9173948 |
||
| 500 | _aSobretiro de: Annals Entomological society of America, 10: 133-144, 1917. Encuadernado con otros impresos similares | ||
| 650 |
_a _x Afididos _x Colecciones de escritos _x Lachnus _x Afididos _x Colorado _9173956 |
||
| 901 | _aPA-C 595.752 A6 | ||
| 902 | _aA | ||
| 905 | _a000000 0000000000 00 | ||
| 910 | _a | ||
| 942 | _cPARA | ||
| 942 |
_cPARA _d1 |
||
| 999 |
_c207356 _d207356 |
||